000 00354nam a2200133Ia 4500
008 240624s9999 xx 000 0 und d
041 _aeng
082 _a339.50952 HUT
100 _aHUTCHISON MICHAEL M
245 _aJAPAN S GREAT STAGNATION FINANCIAL AND M
260 _c2006
_aLondon
_bMIT Press
300 _avi, : 276 : p. : cm. ; 23
365 _c
_b25
999 _c10842
_d10842